000 00470nam a2200181 4500
001 81654
003 BD-RjUL
005 20230809110732.0
008 230809b pak||||| |||| 00| 0burd d
035 _a(BD-RjUL) 81654
040 _aBD-RjUL
_beng
_cBD-RjUL
041 _aurd
082 _a297.092
_bKHA 195?
245 1 0 _a سيرت خيرالبشر ;; sirat e khayrul bashar /
300 _a246 p. ;
_c23 cm
650 _aIslam
_vBiography
_98251
942 _2ddc
_cBK
999 _c81654
_d81654